Chess Pieces by Clues - Statistics

General Stats
  • This quiz has been taken 43 times
  • The average score is 6 of 6
Answer Stats
Clue Answer # of Points % Correct
Can move anywhere but one at a time. MUST keep it safe. Best to get in action in the endgame. King -
98%
Can move in a diagonally way. Can be used to fianchetto the best. Best to be in fianchetto position. Bishop 3
95%
It's a mixture of the diagonally piece and sideways piece Best to checkmate the oppoment's major piece Queen 9
95%
Can be used sideways, upwards and downwards. Can be used to keep the major piece safe by castling Best to use it for back-rank checkmates. Rook 5
95%
Can move in a L shape. Normally most fun to fork with. Best to trade with other pieces other than the one point one. Knight 3
93%
Can move twice or once on it's initial post. Can promote on last rank to different pieces. Best to be in the center Pawn 1
93%
No matching quizzes found
Score Distribution
Percent of People with Each Score
Percentile by Number Answered
Your Score History
You have not taken this quiz